000 00281nam a2200121Ia 4500
008 190216s9999||||xx |||||||||||||| ||und||
100 _aRavindranathan N
245 0 _aLiving Biographies
260 _bBlacke & Son
_c1985
300 _a116p
650 _aEnglish Essay
942 _cBK
999 _c13206
_d13206